[Event "11. Lovsprings EMT Basis 2 2000"]
[Site "Ringsted"]
[Date "2000.03.24"]
[Round "1"]
[White "Christensen, Michael"]
[Black "Jensen, Soren3"]
[Result "0-1"]
[WhiteElo "1232"]
[BlackElo "1531"]
[PlyCount "62"]
[EventDate "2000.??.??"]

1. e4 e5 2. Nf3 d5 3. exd5 Bg4 4. d3 Qxd5 5. Be2 Nc6 6. c3 O-O-O 7. O-O Bc5 8.
c4 Qd6 9. Ng5 Bxe2 10. Qxe2 Qg6 11. Qe4 Qh5 12. Qf5+ Rd7 13. Qf3 Qxf3 14. Nxf3
Rxd3 15. Nc3 Nf6 16. Bg5 e4 17. Nd2 e3 18. Nde4 Nxe4 19. Nxe4 exf2+ 20. Nxf2
Bd4 21. b3 f6 22. Bh4 Rd8 23. Rab1 Nb4 24. Kh1 Rd2 25. a4 Nc2 26. Rbd1 Re2 27.
Nd3 Ne3 28. Nf4 Rb2 29. Ne6 Nxd1 30. Rxd1 Rd6 31. Nxd4 Rxd4 0-1

[Event "11. Lovsprings EMT Basis 2 2000"]
[Site "Ringsted"]
[Date "2000.03.24"]
[Round "1"]
[White "Jensen, Dan Bronnum"]
[Black "Carracher, Jim"]
[Result "1-0"]
[WhiteElo "1501"]
[BlackElo "1320"]
[PlyCount "69"]
[EventDate "2000.??.??"]

1. e4 e6 2. d4 b6 3. d5 e5 4. Nf3 d6 5. Bb5+ Bd7 6. Bd3 g6 7. O-O Bg7 8. Bg5
Ne7 9. Nc3 h6 10. Be3 O-O 11. Qd2 f5 12. Bxh6 fxe4 13. Bxe4 Bf5 14. Bxg7 Kxg7
15. Ng5 Qc8 16. Bxf5 Rxf5 17. Nce4 Qh8 18. Ng3 Rf6 19. Ne6+ Rxe6 20. dxe6 Nbc6
21. Qc3 Qh4 22. Rae1 Rh8 23. h3 Qf6 24. Qb3 Nd4 25. Qc3 Nd5 26. Qd2 Nf4 27. Qc3
Nxh3+ 28. gxh3 Rxh3 29. Kg2 Qxe6 30. Qxd4 Rxg3+ 31. fxg3 Qd7 32. Qf2 Qc6+ 33.
Kh2 Qe8 34. Qf6+ Kg8 35. Re4 1-0

[Event "11. Lovsprings EMT Basis 2 2000"]
[Site "Ringsted"]
[Date "2000.03.24"]
[Round "1"]
[White "Jorgensen, Morten"]
[Black "Jensen, Arne Skov"]
[Result "0-1"]
[WhiteElo "1519"]
[BlackElo "1331"]
[PlyCount "60"]
[EventDate "2000.??.??"]

1. d4 d5 2. e4 dxe4 3. Nc3 Nc6 4. Be3 Nf6 5. f3 Nd5 6. Nxd5 Qxd5 7. fxe4 Qxe4
8. Qd2 e6 9. O-O-O Qd5 10. c4 Qa5 11. Qxa5 Nxa5 12. Nf3 b6 13. Bd3 Ba6 14. b3
Ba3+ 15. Kc2 O-O-O 16. Ne5 Rdf8 17. Bd2 f6 18. Nf3 Nc6 19. Rhe1 Re8 20. Rb1
Nb4+ 21. Kc3 Nxd3 22. Kxd3 Bd6 23. Re2 Bb7 24. Rbe1 Kd7 25. b4 c5 26. bxc5 bxc5
27. Rb1 Rb8 28. Be3 Bxf3 29. Rxb8 Bxe2+ 30. Kxe2 Rxb8 0-1

[Event "11. Lovsprings EMT Basis 2 2000"]
[Site "Ringsted"]
[Date "2000.04.04"]
[Round "1"]
[White "Mortensen, Orla Lind"]
[Black "Orup, Kim Amdi"]
[Result "1/2-1/2"]
[WhiteElo "1404"]
[BlackElo "1364"]
[PlyCount "110"]
[EventDate "2000.??.??"]

1. f4 d5 2. Nf3 Nc6 3. e3 Bg4 4. Be2 Nf6 5. b3 g6 6. Bb2 Bg7 7. O-O O-O 8. Nc3
Ne4 9. d4 f5 10. Nxd5 e6 11. Nc3 Nxc3 12. Bxc3 Qd7 13. Qe1 Rad8 14. Bb5 Bxf3
15. Rxf3 a6 16. Bxc6 Qxc6 17. Bb4 Rf7 18. c4 Rfd7 19. Rc1 Bf6 20. Rf1 h6 21.
Bc3 Kf7 22. d5 exd5 23. Bxf6 Kxf6 24. Qh4+ Kg7 25. Qf2 Qe6 26. Qf3 c6 27. Rfd1
Qe4 28. Qf2 d4 29. exd4 Rxd4 30. Re1 Qd3 31. h3 Qd2 32. Qxd2 Rxd2 33. Re7+ Kf6
34. Rce1 Rd1 35. R7e6+ Kf7 36. Re7+ Kf8 37. Kf2 Rxe1 38. Rxe1 Rd2+ 39. Re2
Rxe2+ 40. Kxe2 Ke7 41. Kd3 Kd6 42. b4 b6 43. a4 a5 44. c5+ Kc7 45. bxa5 bxa5
46. Kd4 Kd7 47. h4 Ke6 48. Kc4 Kd7 49. Kd3 Ke7 50. Kd4 Ke6 51. g3 h5 52. Kc4
Kd7 53. Kd3 Ke7 54. Kc4 Kd7 55. Kd3 Ke7 1/2-1/2

[Event "11. Lovsprings EMT Basis 2 2000"]
[Site "Ringsted"]
[Date "2000.03.24"]
[Round "1"]
[White "Pedersen, Kaj Vinding"]
[Black "Krag Jacobsen, Alan"]
[Result "1/2-1/2"]
[WhiteElo "1509"]
[BlackElo "1297"]
[PlyCount "45"]
[EventDate "2000.??.??"]

1. d4 d5 2. Nf3 Nf6 3. Bf4 e6 4. e3 Bd6 5. Bg3 Nbd7 6. c4 dxc4 7. Bxc4 b6 8.
Nc3 Bb7 9. Rc1 O-O 10. O-O Bxg3 11. hxg3 c5 12. dxc5 Nxc5 13. Qc2 Qe7 14. Rfd1
Rfd8 15. Rd4 Rxd4 16. Nxd4 Nce4 17. Nxe4 Bxe4 18. Bd3 Bxd3 19. Qxd3 Qd7 20. Qc2
Ne8 21. Qc6 Qxc6 22. Rxc6 g6 23. f3 1/2-1/2

[Event "11. Lovsprings EMT Basis 2 2000"]
[Site "Ringsted"]
[Date "2000.03.24"]
[Round "1"]
[White "Petersen, Torben William"]
[Black "Larsen, Jesper Dyberg"]
[Result "1-0"]
[WhiteElo "1393"]
[BlackElo "1489"]
[PlyCount "83"]
[EventDate "2000.??.??"]

1. d4 d5 2. e3 Nf6 3. Nf3 Nc6 4. Bd3 Bg4 5. Nbd2 e6 6. c3 Bd6 7. O-O e5 8. dxe5
Nxe5 9. Be2 c6 10. Nxe5 Bxe2 11. Nxf7 Bxd1 12. Nxd8 Rxd8 13. Rxd1 O-O 14. f3
Rde8 15. Nf1 Bc5 16. h3 Nh5 17. Kh2 Re6 18. Bd2 Rg6 19. Rac1 Bd6+ 20. f4 Nf6
21. g4 Ne4 22. Kg2 Re6 23. Ng3 Nxd2 24. Rxd2 g6 25. Re2 Bc5 26. Rce1 Rfe8 27.
Kf3 Kf7 28. f5 gxf5 29. Nxf5 Rf6 30. e4 dxe4+ 31. Rxe4 Rxe4 32. Rxe4 Re6 33.
Rxe6 Kxe6 34. Ke4 Bb6 35. b3 Bd8 36. a4 a5 37. c4 b6 38. Nd4+ Kd6 39. Kf5 h6
40. Kg6 Bg5 41. Kh5 Kd7 42. Nf5 1-0

[Event "11. Lovsprings EMT Basis 2 2000"]
[Site "Ringsted"]
[Date "2000.03.24"]
[Round "1"]
[White "Wagner, Tim"]
[Black "Skovgaard, Mikael"]
[Result "1-0"]
[WhiteElo "1261"]
[BlackElo "1282"]
[PlyCount "39"]
[EventDate "2000.??.??"]

1. e4 e5 2. Nf3 Nf6 3. d4 Bb4+ 4. c3 Ba5 5. dxe5 Ng8 6. Nbd2 Nc6 7. Nc4 f6 8.
Nxa5 Nxa5 9. exf6 Qxf6 10. Nd4 a6 11. Qh5+ Qg6 12. Qxa5 Qxe4+ 13. Be3 b6 14.
Qf5 Qxf5 15. Nxf5 d6 16. Nxg7+ Kf7 17. Nh5 Ne7 18. Bd3 Rg8 19. Bxh7 Rxg2 20.
Be4 1-0

[Event "11. Lovsprings EMT Basis 2 2000"]
[Site "Ringsted"]
[Date "2000.03.31"]
[Round "2"]
[White "Carracher, Jim"]
[Black "Christensen, Michael"]
[Result "0-1"]
[WhiteElo "1320"]
[BlackElo "1232"]
[PlyCount "34"]
[EventDate "2000.??.??"]

1. e4 c5 2. Nf3 Nc6 3. Nc3 d6 4. Bc4 e6 5. O-O a6 6. d4 cxd4 7. Nxd4 Bd7 8. f4
Qb6 9. Nce2 Rc8 10. Be3 Qxb2 11. Rb1 Qa3 12. Bb3 Qa5 13. Kh1 Qh5 14. Qd2 Nf6
15. Ng3 Qh4 16. Rbe1 Ng4 17. f5 Qxh2# 0-1

[Event "11. Lovsprings EMT Basis 2 2000"]
[Site "Ringsted"]
[Date "2000.03.31"]
[Round "2"]
[White "Jensen, Soren3"]
[Black "Jensen, Arne Skov"]
[Result "1-0"]
[WhiteElo "1531"]
[BlackElo "1331"]
[PlyCount "97"]
[EventDate "2000.??.??"]

1. e4 c5 2. f4 Nc6 3. Nf3 d6 4. b3 Bg4 5. h3 Bxf3 6. Qxf3 e5 7. Bb2 Be7 8. Bc4
Nf6 9. O-O Nd4 10. Bxd4 cxd4 11. Bb5+ Kf8 12. g4 h6 13. g5 a6 14. gxf6 Bxf6 15.
fxe5 dxe5 16. Bc4 b5 17. Bd5 Rc8 18. c4 Qe7 19. d3 Rc7 20. Nd2 Bg5 21. Rfd1
Be3+ 22. Kh1 Qg5 23. Qg2 Qe7 24. Nf1 Bf4 25. Ng3 g6 26. Rf1 Rh7 27. Rf3 Rg7 28.
Raf1 Qe8 29. Ne2 Bg5 30. Qg4 Kg8 31. h4 Bd8 32. Rg1 h5 33. Qh3 Qe7 34. Rfg3 Kh7
35. Qh2 b4 36. Rg5 Qd6 37. Qxe5 Qxe5 38. Rxe5 Bxh4 39. Re8 f6 40. Rf1 Rge7 41.
Rxe7+ Rxe7 42. Nxd4 Bg5 43. Nc6 Rc7 44. e5 f5 45. Nxb4 a5 46. Na6 Re7 47. e6
Bd2 48. c5 Ra7 49. c6 1-0

[Event "11. Lovsprings EMT Basis 2 2000"]
[Site "Ringsted"]
[Date "2000.03.31"]
[Round "2"]
[White "Krag Jacobsen, Alan"]
[Black "Jensen, Dan Bronnum"]
[Result "0-1"]
[WhiteElo "1297"]
[BlackElo "1501"]
[PlyCount "150"]
[EventDate "2000.??.??"]

1. d4 Nf6 2. c4 e5 3. dxe5 Ng4 4. Nf3 Nc6 5. e3 Ngxe5 6. Be2 d6 7. O-O Bf5 8.
a3 Be7 9. b4 Bf6 10. Nd4 Bg6 11. f4 Nxd4 12. exd4 Nc6 13. Bb2 h6 14. f5 Bh7 15.
Qd3 Qd7 16. Nd2 O-O 17. b5 Ne7 18. Bg4 d5 19. cxd5 Nxd5 20. Ne4 b6 21. Nxf6+
Nxf6 22. Bh3 Qd5 23. Rae1 Rfe8 24. Rxe8+ Rxe8 25. g3 Qa2 26. Qb1 Qc4 27. Ba1
Qe2 28. Qc1 Qe3+ 29. Qxe3 Rxe3 30. a4 Ra3 31. Bg2 Rxa4 32. Bc6 Bxf5 33. d5 Be4
34. Bxf6 gxf6 35. Rxf6 Kg7 36. Rf4 Ra1+ 37. Kf2 Ra2+ 38. Ke3 Bg6 39. h4 a6 40.
bxa6 Rxa6 41. Rb4 Ra3+ 42. Kf4 Rc3 43. Ra4 Rc5 44. Ra3 Ra5 45. Rb3 f6 46. Rb4
Bf7 47. Ke4 Kg6 48. Rb3 f5+ 49. Ke5 Ra1 50. Rd3 Re1+ 51. Kf4 Re4+ 52. Kf3 Kf6
53. d6 cxd6 54. Rxd6+ Re6 55. Rxe6+ Bxe6 56. Bb5 Ke5 57. Ke3 Bd5 58. Kd3 f4 59.
gxf4+ Kxf4 60. Be8 Kg4 61. Kc3 Kxh4 62. Kb4 Kg5 63. Kb5 Kf6 64. Kxb6 Bf7 65.
Bc6 h5 66. Kc5 Ke5 67. Ba8 Bg6 68. Bg2 Kf4 69. Kd4 Bf5 70. Kd5 Bg4 71. Kd4 Kg3
72. Bf1 Kf2 73. Bd3 h4 74. Ke5 h3 75. Kf4 Bf3 0-1

[Event "11. Lovsprings EMT Basis 2 2000"]
[Site "Ringsted"]
[Date "2000.03.31"]
[Round "2"]
[White "Larsen, Jesper Dyberg"]
[Black "Mortensen, Orla Lind"]
[Result "1/2-1/2"]
[WhiteElo "1489"]
[BlackElo "1404"]
[PlyCount "43"]
[EventDate "2000.??.??"]

1. d4 e6 2. e4 d5 3. Nc3 Nf6 4. Bg5 Be7 5. exd5 exd5 6. Nf3 O-O 7. Bd3 Nbd7 8.
O-O h6 9. Bh4 c6 10. Re1 Re8 11. Qd2 Nb6 12. Re2 Bg4 13. Qf4 Qd6 14. Qxd6 Bxd6
15. Bxf6 Rxe2 16. Bxe2 gxf6 17. h3 Bf5 18. Bd3 Bxd3 19. cxd3 Re8 20. Kf1 Re6
21. Re1 Nc8 22. g3 1/2-1/2

[Event "11. Lovsprings EMT Basis 2 2000"]
[Site "Ringsted"]
[Date "2000.03.31"]
[Round "2"]
[White "Orup, Kim Amdi"]
[Black "Pedersen, Kaj Vinding"]
[Result "1/2-1/2"]
[WhiteElo "1364"]
[BlackElo "1509"]
[PlyCount "74"]
[EventDate "2000.??.??"]

1. e4 Nf6 2. Nc3 d5 3. exd5 Nxd5 4. Nxd5 Qxd5 5. Qf3 c6 6. g3 Qe5+ 7. Qe3 Qd5
8. Qf3 e5 9. Bg2 Qc4 10. Qe4 Qxe4+ 11. Bxe4 f5 12. Bd3 Be6 13. c4 Bc5 14. b3
Bd4 15. Rb1 c5 16. Nf3 Nc6 17. Nxd4 Nxd4 18. Be2 Rd8 19. Bb2 O-O 20. Bxd4 Rxd4
21. d3 Rfd8 22. O-O b6 23. f3 g6 24. Kf2 Kf7 25. h4 Kf6 26. Rbd1 h5 27. Kg2 Bc8
28. f4 Bb7+ 29. Bf3 Bxf3+ 30. Rxf3 e4 31. Re3 exd3 32. Rd2 Re4 33. Kf2 Red4 34.
Kf3 a5 35. a4 Kf7 36. Kf2 R8d6 37. Kf3 Rd8 1/2-1/2

[Event "11. Lovsprings EMT Basis 2 2000"]
[Site "Ringsted"]
[Date "2000.03.31"]
[Round "2"]
[White "Wagner, Tim"]
[Black "Petersen, Torben William"]
[Result "1-0"]
[WhiteElo "1261"]
[BlackElo "1393"]
[PlyCount "115"]
[EventDate "2000.??.??"]

1. d4 Nc6 2. Nf3 d6 3. Bf4 Nf6 4. h3 e6 5. Nc3 Qe7 6. Bg5 d5 7. a3 Nb8 8. e4
dxe4 9. Nxe4 Nbd7 10. Ne5 h6 11. Nxf6+ gxf6 12. Bh4 Bg7 13. Nc4 Nb6 14. Nxb6
axb6 15. Qf3 e5 16. Bb5+ Kf8 17. dxe5 Qxe5+ 18. Qe2 Qxe2+ 19. Bxe2 Bf5 20. c3
Re8 21. Rd1 Be4 22. f3 Bc6 23. Kf2 Rg8 24. Bd3 Rd8 25. Be4 Rxd1 26. Rxd1 Ke7
27. Bf5 Rd8 28. Rxd8 Kxd8 29. Bg4 Bd5 30. f4 Ke7 31. Bf5 Be6 32. Be4 c6 33. f5
Bc8 34. a4 Kd6 35. Ke3 Ke7 36. b4 Kd7 37. g4 Ke7 38. Bg3 Kd7 39. Bf4 Kd8 40. c4
Bf8 41. b5 c5 42. Bd5 Ke8 43. Bc7 h5 44. Bxb6 hxg4 45. hxg4 Bd6 46. Ba5 Kd7 47.
Bxf7 Bc7 48. Bc3 b6 49. Be6+ Ke8 50. Bxc8 Kf7 51. Ke4 Ke7 52. Bd2 Bg3 53. Bf4
Bf2 54. Kd5 Be1 55. Kc6 Ba5 56. Be6 Kd8 57. Bd6 Bc3 58. Bc7+ 1-0

[Event "11. Lovsprings EMT Basis 2 2000"]
[Site "Ringsted"]
[Date "2000.04.07"]
[Round "3"]
[White "Christensen, Michael"]
[Black "Mortensen, Orla Lind"]
[Result "0-1"]
[WhiteElo "1232"]
[BlackElo "1404"]
[PlyCount "114"]
[EventDate "2000.??.??"]

1. e4 e6 2. Nf3 d5 3. exd5 exd5 4. d4 Nf6 5. Be2 Be7 6. Bf4 Bg4 7. Nc3 O-O 8.
O-O c6 9. Re1 Bb4 10. Bd2 Nbd7 11. a3 Bxc3 12. Bxc3 Re8 13. h3 Bxf3 14. Bxf3
Qc7 15. Qd2 Nf8 16. Re2 Rxe2 17. Qxe2 Re8 18. Qd2 Ne4 19. Bxe4 Rxe4 20. Re1 Qe7
21. Bb4 Rxe1+ 22. Qxe1 Qxe1+ 23. Bxe1 Ne6 24. c3 Nf4 25. Kf1 a5 26. Bd2 Ne6 27.
Ke2 a4 28. Kd3 b5 29. Kc2 f5 30. g3 Kf7 31. Kd3 Kf6 32. h4 g6 33. Be3 Ng7 34.
Ke2 Ke6 35. Kf3 h5 36. Ke2 Ne8 37. Bf4 Nf6 38. Be3 Nd7 39. Kf3 Nb6 40. Kf4 Kf6
41. Kf3 Nc4 42. Bc1 Nd6 43. Be3 Ne4 44. Bc1 c5 45. Be3 cxd4 46. Bxd4+ Ke6 47.
Kf4 Nd6 48. Kg5 Kf7 49. Kf4 Nc4 50. Be3 Ke6 51. Kg5 Kf7 52. Kf4 Ke6 53. Kg5 Ne5
54. f4 Ng4 55. Bd4 Kf7 56. Be5 Ne3 57. c4 Nxc4 0-1

[Event "11. Lovsprings EMT Basis 2 2000"]
[Site "Ringsted"]
[Date "2000.04.07"]
[Round "3"]
[White "Jensen, Arne Skov"]
[Black "Pedersen, Kaj Vinding"]
[Result "0-1"]
[WhiteElo "1331"]
[BlackElo "1509"]
[PlyCount "94"]
[EventDate "2000.??.??"]

1. c4 Nf6 2. Nf3 g6 3. Nc3 Bg7 4. g3 O-O 5. Bg2 c6 6. O-O Re8 7. d3 d5 8. cxd5
Nxd5 9. Qb3 e6 10. Bd2 Qb6 11. Qc2 Nd7 12. Rab1 N7f6 13. a3 Bd7 14. Na4 Qc7 15.
e4 Nb6 16. Nc5 Rad8 17. Bc3 Bc8 18. Rbd1 Nbd7 19. Nxd7 Qxd7 20. Ne5 Qc7 21. Qe2
Nd7 22. Nc4 e5 23. Qe3 c5 24. b4 b6 25. bxc5 Qxc5 26. Bb4 Qxe3 27. fxe3 a5 28.
Bc3 Ba6 29. Nd6 Re7 30. Rf2 Nc5 31. Nxf7 Rxf7 32. d4 Rxf2 33. Kxf2 Nd3+ 34. Kg1
exd4 35. exd4 Bxd4+ 36. Bxd4 Rxd4 37. e5 Kf8 38. Bh3 Re4 39. Rf1+ Ke7 40. e6
Re1 41. Rxe1 Nxe1 42. Kf2 Nc2 43. a4 Nd4 44. Bg2 Kxe6 45. Ke3 Ke5 46. Be4 Bc8
47. h4 Bf5 0-1

[Event "11. Lovsprings EMT Basis 2 2000"]
[Site "Ringsted"]
[Date "2000.04.07"]
[Round "3"]
[White "Jensen, Soren3"]
[Black "Wagner, Tim"]
[Result "1/2-1/2"]
[WhiteElo "1531"]
[BlackElo "1261"]
[PlyCount "84"]
[EventDate "2000.??.??"]

1. g3 d5 2. Bg2 Nc6 3. d3 Bf5 4. Nc3 Nf6 5. f4 Qd7 6. e3 a6 7. Nf3 h6 8. O-O e6
9. Ne5 Qd6 10. Nxc6 Qxc6 11. a3 Bc5 12. h3 Qd7 13. Kh2 c6 14. e4 dxe4 15. dxe4
Qxd1 16. Rxd1 Bg6 17. e5 Nd5 18. Ne4 Be7 19. c4 Nb6 20. b3 Rd8 21. Be3 Nc8 22.
Rxd8+ Kxd8 23. Nc5 Kc7 24. b4 Nb6 25. Bf1 Rd8 26. Be2 Bxc5 27. bxc5 Na4 28. Rc1
Nxc5 29. Kg2 Be4+ 30. Kf1 Na4 31. g4 Bd3 32. h4 Bxe2+ 33. Kxe2 c5 34. h5 g6 35.
hxg6 fxg6 36. Bd2 Rd7 37. Rh1 Rh7 38. Rh3 Nb6 39. Ba5 Kc6 40. Bxb6 Kxb6 41. Rd3
Kc7 42. Rd6 Re7 1/2-1/2

[Event "11. Lovsprings EMT Basis 2 2000"]
[Site "Ringsted"]
[Date "2000.04.07"]
[Round "3"]
[White "Jorgensen, Morten"]
[Black "Orup, Kim Amdi"]
[Result "0-1"]
[WhiteElo "1519"]
[BlackElo "1364"]
[PlyCount "128"]
[EventDate "2000.??.??"]

1. d4 Nf6 2. Bg5 e6 3. e4 Be7 4. Nd2 d6 5. Ngf3 b6 6. Bd3 Bb7 7. O-O Nbd7 8. c3
h6 9. Bxf6 Bxf6 10. Qc2 Qe7 11. b4 g5 12. Nc4 g4 13. Nfd2 h5 14. Rae1 Bg5 15.
Ne3 O-O-O 16. a4 a6 17. c4 Kb8 18. Rb1 Bxe3 19. fxe3 Qg5 20. Rbe1 f6 21. Nb3
Rhf8 22. a5 Ka7 23. Qe2 Nb8 24. Ra1 f5 25. axb6+ cxb6 26. d5 exd5 27. exd5 Rde8
28. e4 fxe4 29. Rxf8 Rxf8 30. Bxe4 Qe5 31. Qe3 Qf4 32. Qxf4 Rxf4 33. Bd3 Nd7
34. Rf1 Rxf1+ 35. Kxf1 Ne5 36. Ke2 b5 37. cxb5 Bxd5 38. Nd4 Nxd3 39. Kxd3 Bxg2
40. bxa6 Kxa6 41. Nf5 d5 42. Ne3 Bf3 43. Nf1 h4 44. Kd4 Kb5 45. Kc3 h3 46. Ng3
Kc6 47. Kb3 Kd6 48. Kc3 Ke5 49. Kd3 d4 50. b5 Bg2 51. b6 Bb7 52. Ne2 Ba6+ 53.
Kd2 Ke4 54. Ng3+ Kf3 55. Ke1 Kg2 56. Nf1 Bb7 57. Ke2 d3+ 58. Ke1 d2+ 59. Nxd2
Kxh2 60. Nf1+ Kg2 61. Ne3+ Kf3 62. Nf1 g3 63. Nd2+ Kg4 64. Kf1 h2 0-1

[Event "11. Lovsprings EMT Basis 2 2000"]
[Site "Ringsted"]
[Date "2000.04.07"]
[Round "3"]
[White "Larsen, Jesper Dyberg"]
[Black "Krag Jacobsen, Alan"]
[Result "1-0"]
[WhiteElo "1489"]
[BlackElo "1297"]
[PlyCount "47"]
[EventDate "2000.??.??"]

1. d4 d5 2. c4 e6 3. Nc3 Nf6 4. Bg5 Be7 5. e3 dxc4 6. Bxc4 Nbd7 7. Nf3 O-O 8.
Qc2 b6 9. Bd3 Bb7 10. Rd1 c5 11. dxc5 Rc8 12. Bxf6 Bxf6 13. Bxh7+ Kh8 14. cxb6
axb6 15. Be4 Bxe4 16. Qxe4 Bxc3+ 17. bxc3 Qc7 18. O-O Nf6 19. Qh4+ Kg8 20. Rd3
Ra8 21. a4 Ra5 22. Rfd1 Rfa8 23. Ng5 Rxa4 24. Qxa4 1-0

[Event "11. Lovsprings EMT Basis 2 2000"]
[Site "Ringsted"]
[Date "2000.04.07"]
[Round "3"]
[White "Petersen, Torben William"]
[Black "Jensen, Dan Bronnum"]
[Result "1-0"]
[WhiteElo "1393"]
[BlackElo "1501"]
[PlyCount "131"]
[EventDate "2000.??.??"]

1. d4 Nf6 2. c4 e5 3. dxe5 Ng4 4. Bf4 Nc6 5. Nf3 Bb4+ 6. Nbd2 Qe7 7. e3 Ngxe5
8. Nxe5 Nxe5 9. Be2 c6 10. O-O Ng6 11. Bg3 O-O 12. Nf3 Re8 13. a3 Ba5 14. b4
Bd8 15. c5 b6 16. Bd6 Qf6 17. Qd3 Be7 18. Bxe7 Qxe7 19. Rac1 Nf8 20. Nd4 b5 21.
Nf5 Qe4 22. Nd6 Qxd3 23. Bxd3 Re5 24. e4 Ne6 25. f4 Rh5 26. Be2 Rh6 27. Rcd1
Rh4 28. g3 Rh6 29. e5 g6 30. Bf3 Nc7 31. Nxc8 Rxc8 32. Rxd7 Ne6 33. Rfd1 Kf8
34. Rxa7 Ke8 35. Rdd7 Nd8 36. Rdc7 Rxc7 37. Rxc7 g5 38. f5 Kf8 39. f6 Ke8 40.
Bxc6+ Nxc6 41. Rxc6 g4 42. Rc8+ Kd7 43. Rg8 Rh5 44. Rxg4 Rxe5 45. Rg7 Ke6 46.
Rxh7 Kxf6 47. Rh6+ Ke7 48. Rb6 Re1+ 49. Kf2 Ra1 50. Rb7+ Ke6 51. Ra7 f5 52. c6
Rc1 53. c7 Kd7 54. h4 Ke6 55. Rb7 Kd7 56. Rxb5 Rc2+ 57. Ke3 Rc3+ 58. Kf4 Rxa3
59. Rc5 Kc8 60. Kxf5 Rxg3 61. h5 Rf3+ 62. Kg6 Rg3+ 63. Rg5 Rb3 64. b5 Kxc7 65.
h6 Rh3 66. h7 1-0

[Event "11. Lovsprings EMT Basis 2 2000"]
[Site "Ringsted"]
[Date "2000.04.14"]
[Round "4"]
[White "Carracher, Jim"]
[Black "Jorgensen, Morten"]
[Result "1/2-1/2"]
[WhiteElo "1320"]
[BlackElo "1519"]
[PlyCount "130"]
[EventDate "2000.??.??"]

1. e4 c5 2. Nf3 d6 3. Bc4 Nc6 4. Ng5 Ne5 5. Bb3 e6 6. d3 Nf6 7. f4 Nc6 8. O-O
h6 9. Nf3 Qb6 10. Kh1 Bd7 11. Na3 Be7 12. e5 Ng4 13. h3 Nf2+ 14. Rxf2 c4 15.
Qe1 cxb3 16. Be3 Qd8 17. axb3 dxe5 18. fxe5 Nb4 19. Nc4 b6 20. Nd4 O-O 21. Nf3
Bc6 22. Qd2 Qd7 23. Bxh6 Nxc2 24. Bxg7 Kxg7 25. Qxc2 Rh8 26. Qd2 Rag8 27. Kh2
Kf8 28. Qe3 Bc5 29. d4 Be7 30. Raf1 Rg7 31. Nd6 Bxd6 32. exd6 Qxd6+ 33. Ne5 f5
34. Qf4 Qd5 35. Nxc6 Qxc6 36. Qb8+ Qe8 37. Qxe8+ Kxe8 38. d5 exd5 39. Rxf5 Rd7
40. Rd1 d4 41. g4 d3 42. Rd2 Kd8 43. Rf3 Re8 44. Kg3 Re2 45. Rdxd3 Rxb2 46.
Rxd7+ Kxd7 47. Rf7+ Ke6 48. Rxa7 Rxb3+ 49. Kh4 b5 50. Rb7 b4 51. Kg5 Rxh3 52.
Rxb4 Rh8 53. Re4+ Kf7 54. Kf5 Kg7 55. Re6 Rf8+ 56. Ke5 Kg8 57. Re7 Kh8 58. g5
Kg8 59. Ke6 Rf1 60. Ra7 Kf8 61. Ra5 Kg7 62. Ra4 Kg6 63. Rg4 Rh1 64. Ke5 Rf1 65.
Ke4 Rf5 1/2-1/2

[Event "11. Lovsprings EMT Basis 2 2000"]
[Site "Ringsted"]
[Date "2000.04.14"]
[Round "4"]
[White "Jensen, Arne Skov"]
[Black "Christensen, Michael"]
[Result "1/2-1/2"]
[WhiteElo "1331"]
[BlackElo "1232"]
[PlyCount "92"]
[EventDate "2000.??.??"]

1. c4 Nf6 2. Nc3 e6 3. g3 Bb4 4. Bg2 Bxc3 5. bxc3 O-O 6. Nf3 Nc6 7. O-O b6 8.
d3 Bb7 9. e4 d6 10. Re1 Rb8 11. Bg5 h6 12. Bxf6 Qxf6 13. d4 Na5 14. Nd2 Rfd8
15. Re3 c5 16. Rf3 Qe7 17. d5 e5 18. Bf1 Bc8 19. Re3 Ba6 20. Rb1 Rf8 21. Qh5
Qe8 22. Rf3 Qa4 23. Rb2 Qa3 24. Rc2 Qa4 25. Rb2 Nxc4 26. Nxc4 Bxc4 27. Bxc4
Qxc4 28. Re3 Qa4 29. Qe2 Qd7 30. c4 f5 31. exf5 Rxf5 32. Rbb3 Rbf8 33. Rf3 Qf7
34. Rxf5 Qxf5 35. Ra3 Qd7 36. Rf3 Rxf3 37. Qxf3 Qf7 38. Qd3 Qe7 39. f3 Qg5 40.
Qc2 Qe3+ 41. Kg2 Qa3 42. Qf5 Qxa2+ 43. Kh3 Qxc4 44. Qe6+ Kh7 45. Qf5+ Kg8 46.
Qe6+ Kh7 1/2-1/2

[Event "11. Lovsprings EMT Basis 2 2000"]
[Site "Ringsted"]
[Date "2000.04.14"]
[Round "4"]
[White "Jensen, Dan Bronnum"]
[Black "Wagner, Tim"]
[Result "1/2-1/2"]
[WhiteElo "1501"]
[BlackElo "1261"]
[PlyCount "111"]
[EventDate "2000.??.??"]

1. e4 e5 2. Nf3 Nf6 3. Nxe5 d6 4. Nf3 Nxe4 5. Bc4 Nc6 6. c3 d5 7. Be2 Bc5 8.
O-O O-O 9. d4 Be7 10. h3 Re8 11. Nbd2 Ng5 12. Qc2 Bf6 13. Bd3 g6 14. Nxg5 Bxg5
15. Nf3 Bxc1 16. Qxc1 Qf6 17. Qh6 Qg7 18. Qf4 f6 19. Rfe1 Be6 20. Re2 Re7 21.
Rae1 Rae8 22. Qd2 Bd7 23. Rxe7 Rxe7 24. Rxe7 Qxe7 25. Qc2 Nd8 26. c4 dxc4 27.
Bxc4+ Kf8 28. Bd3 Be6 29. h4 Kg8 30. b3 Nc6 31. Qe2 Bd5 32. Qxe7 Nxe7 33. Bc4
c6 34. g4 Kg7 35. Nd2 h6 36. f4 a5 37. Kf2 g5 38. hxg5 hxg5 39. f5 Kf8 40. Ke3
Ng8 41. Nb1 Ke7 42. Bxd5 cxd5 43. Nc3 Kd6 44. Na4 Kc6 45. Nc5 b6 46. Nd3 Nh6
47. Kf3 Nf7 48. Ke3 Kb5 49. a4+ Kc6 50. b4 Nd6 51. bxa5 Nc4+ 52. Ke2 Nxa5 53.
Nb4+ Kd6 54. Nd3 Nc4 55. Kf2 Na3 56. Nb4 1/2-1/2

[Event "11. Lovsprings EMT Basis 2 2000"]
[Site "Ringsted"]
[Date "2000.04.14"]
[Round "4"]
[White "Mortensen, Orla Lind"]
[Black "Pedersen, Kaj Vinding"]
[Result "0-1"]
[WhiteElo "1404"]
[BlackElo "1509"]
[PlyCount "124"]
[EventDate "2000.??.??"]

1. f4 d6 2. e3 Nf6 3. Nf3 g6 4. b3 Bg7 5. Bb2 O-O 6. Be2 c5 7. d3 Nc6 8. c4 Re8
9. Nbd2 Bg4 10. O-O Rc8 11. Rb1 d5 12. Ne5 Bxe2 13. Qxe2 d4 14. e4 Nxe5 15.
fxe5 Nd7 16. Nf3 Nxe5 17. Qf2 Nxd3 18. Qh4 f6 19. Ba1 Qd6 20. Rbd1 Ne5 21. Ne1
Qe6 22. Nc2 Qg4 23. Qe1 Nc6 24. h3 Qe6 25. Rf4 Qd6 26. Qf1 Rf8 27. Rf2 Rf7 28.
Kh1 Rcf8 29. g4 Qe6 30. Re1 Ne5 31. Rg2 Qd7 32. Rd1 Nc6 33. Qg1 e5 34. Ne3 Ne7
35. Nc2 Qc6 36. Qe1 Bh6 37. Kh2 Bf4+ 38. Kg1 g5 39. Rd3 Ng6 40. Qe2 Nh4 41. Rf2
h6 42. Bb2 Rh7 43. Ba3 a5 44. Bb2 Kg7 45. Kf1 Rfh8 46. Ke1 h5 47. Kd1 Ng6 48.
Ne1 hxg4 49. Qxg4 Qxe4 50. Qd7+ Kh6 51. Qb5 Qc6 52. Qxa5 e4 53. Rxf4 Nxf4 54.
Rg3 f5 55. Qd2 e3 56. Qh2 Qe4 57. Bc1 Nd3 58. Rg2 Nf2+ 59. Rxf2 exf2 60. Qxf2
Kg6 61. Qg3 f4 62. Qg1 Rxh3 0-1

[Event "11. Lovsprings EMT Basis 2 2000"]
[Site "Ringsted"]
[Date "2000.04.14"]
[Round "4"]
[White "Orup, Kim Amdi"]
[Black "Larsen, Jesper Dyberg"]
[Result "0-1"]
[WhiteElo "1364"]
[BlackElo "1489"]
[PlyCount "62"]
[EventDate "2000.??.??"]

1. e4 e5 2. Bc4 Nf6 3. Nc3 Bc5 4. d3 d6 5. Nf3 Nc6 6. a3 a6 7. O-O Bg4 8. h3
Bh5 9. Be3 Nd4 10. Bxd4 Bxd4 11. g3 Qd7 12. Kg2 g5 13. Qd2 Bxf3+ 14. Kxf3 g4+
15. hxg4 Qxg4+ 16. Kg2 Nh5 17. Ne2 Rg8 18. Rh1 Bxf2 19. Kxf2 Nxg3 20. Rhg1 Nh1+
21. Rxh1 Qg2+ 22. Ke3 Qg5+ 23. Kf2 Qxd2 24. Rxh7 O-O-O 25. Rah1 Rg6 26. Rxf7
Rdg8 27. Rh2 Qxc2 28. Re7 Rf8+ 29. Rf7 Rxf7+ 30. Bxf7 Rf6+ 31. Ke1 Rxf7 0-1

[Event "11. Lovsprings EMT Basis 2 2000"]
[Site "Ringsted"]
[Date "2000.04.14"]
[Round "4"]
[White "Petersen, Torben William"]
[Black "Jensen, Soren3"]
[Result "0-1"]
[WhiteElo "1393"]
[BlackElo "1531"]
[PlyCount "77"]
[EventDate "2000.??.??"]

1. d4 d5 2. Nf3 Bf5 3. c4 c6 4. cxd5 cxd5 5. Nc3 e6 6. Qb3 Qc8 7. Bf4 Nc6 8. e3
Nb4 9. Bb5+ Nc6 10. Rc1 Nge7 11. Bd6 a6 12. Bxc6+ Nxc6 13. Bxf8 Rxf8 14. O-O f6
15. Na4 Rb8 16. Nb6 Qd8 17. Rc5 Rf7 18. a4 a5 19. Nh4 Bg4 20. Rfc1 f5 21. g3 g5
22. Ng2 h5 23. f4 Bf3 24. Ne1 Be4 25. Qb5 h4 26. Rxc6 bxc6 27. Qxc6+ Kf8 28.
Nc8 gxf4 29. Qxe6 Rf6 30. Qe5 Rxb2 31. Qxf4 hxg3 32. Qxg3 f4 33. Qh3 Rg6+ 34.
Kf1 Qf6 35. Nf3 fxe3 36. Rc6 Rb1+ 37. Ke2 Bxf3+ 38. Qxf3 Qxf3+ 39. Kxf3 0-1